ALL countries in (one) Native Language - Statistics

General Stats
  • This quiz has been taken 8 times
  • The average score is 142 of 202
Answer Stats
ONE of native language English % Correct
Andorra Andorra
100%
Australia Australia
100%
Österreich Austria
100%
Belice(Indigenous) Belize
100%
Uburundi Burundi
100%
Cameroun Cameroon
100%
ᑲᓇᑕ / Kanata(Indigenous) Canada
100%
Republíki ya Kongó Demokratíki Democratic Republic of the Congo
100%
Deutschland Germany
100%
Honduras Honduras
100%
ایران / Irân Iran
100%
Kiribati Kiribati
100%
Kosova Kosovo
100%
Latvija Latvia
100%
Lietuva Lithuania
100%
Монгол Улс / Mongol Uls Mongolia
100%
नेपाल /Nepāla Nepal
100%
Paraguái Paraguay
100%
Pilipinas Philippines
100%
قطر / Qaṭar Qatar
100%
România Romania
100%
Sāmoa Samoa
100%
São Tomé e Príncipe São Tomé and Príncipe
100%
Senegaal Senegal
100%
Србија / Srbija Serbia
100%
España Spain
100%
السودان / Sūdān Sudan
100%
Тоҷикистон / Tojikiston Tajikistan
100%
Tonga Tonga
100%
Türkmenistan Turkmenistan
100%
Tuvalu Tuvalu
100%
Zambia Zambia
100%
Jumieka(Vernacular) Jamaica
88%
북조선 / Pukchosŏn North Korea
88%
남한 / Namhan South Korea
88%
افغانستان / Afğānistān Afghanistan
75%
Aanteega an' Baabyuuda(Vernacular) Antigua and Barbuda
75%
Arahentína(Ingigenous) Argentina
75%
Azərbaycan Azerbaijan
75%
Bahamas Bahamas
75%
البحرين / al-Baḥrayn Bahrain
75%
বাংলাদেশ /Bāṅlādēś Bangladesh
75%
Barbados Barbados
75%
Беларусь / Byelarus Belarus
75%
België Belgium
75%
Bosna i Hercegovina Bosnia and Herzegovina
75%
Botswana Botswana
75%
Brunei Brunei
75%
България / Bŭlgariya Bulgaria
75%
Burkĩna Faso Burkina Faso
75%
កម្ពុជា / Kampuchea Cambodia
75%
中国 / Zhōngguó China
75%
Costa Rica Costa Rica
75%
Cuba Cuba
75%
Κύπρος / Kýpros Cyprus
75%
Česko Czechia
75%
Danmark Denmark
75%
Dominik Dominica
75%
República Dominicana Dominican Republic
75%
El Salvador El Salvador
75%
Guinée Équatoriale Equatorial Guinea
75%
Eesti Estonia
75%
eSwatini Eswatini
75%
Suomi Finland
75%
Gabon Gabon
75%
Gaana(Regional) Ghana
75%
Guernési(Local) Guernsey
75%
Ayiti Haiti
75%
Ísland Iceland
75%
भारत / Bhārat India
75%
Indonesia Indonesia
75%
ٱلْعِرَاق / al-ʿIrāq Iraq
75%
Éire Ireland
75%
יִשְׂרָאֵל / Yīsrāʾēl Israel
75%
Italia Italy
75%
日本 / Nihon Japan
75%
Kenya Kenya
75%
ٱلْكُوَيْت / al-Kuwayt Kuwait
75%
Кыргызстан / Kyrgyzstan Kyrgyzstan
75%
ລາວ / Lao Laos
75%
لُبْنَان / Lubnān Lebanon
75%
Lesotho Lesotho
75%
Liberia Liberia
75%
ليبيا / Lībiyā Libya
75%
Liechtenstein Liechtenstein
75%
Lëtzebuerg Luxembourg
75%
Madagasikara Madagascar
75%
Malaŵi Malawi
75%
Malaysia Malaysia
75%
ߡߊߟߌ / Mali Mali
75%
Malta Malta
75%
موريتانيا / Mūrītānyā Mauritania
75%
Micronesia Micronesia
75%
Moldova Moldova
75%
Moçambique Mozambique
75%
Namibië Namibia
75%
Nederlands Netherlands
75%
Nicaragua Nicaragua
75%
Nijar Niger
75%
Najeriya Nigeria
75%
Niuē Niue
75%
Norge Norway
75%
عُمَان / ʿUmān Oman
75%
پَاکِسْتَان / Pākistān Pakistan
75%
Panamá Panama
75%
Papua–Matamata Guinea Papua New Guinea
75%
Polska Poland
75%
Republíki ya Kongó Republic of the Congo
75%
Россия / Rossiya Russia
75%
u Rwanda Rwanda
75%
Saint Kitts and Nevis Saint Kitts and Nevis
75%
Saint Vincent and the Grenadines Saint Vincent and the Grenadines
75%
San Marein(Regional) San Marino
75%
Slovensko Slovakia
75%
Slovenija Slovenia
75%
Solomon Aelan Solomon Islands
75%
Soomaaliya Somalia
75%
iNingizimu Afrika South Africa
75%
Schweiz Switzerland
75%
سُورِيَا / Sūriyā Syria
75%
臺灣 /Táiwān Taiwan
75%
Tanzania Tanzania
75%
ประเทศไทย / Prathet Thai Thailand
75%
Timór Lorosa'e Timor Leste
75%
Togo Togo
75%
Trinidad and Tobago Trinidad and Tobago
75%
تونس / Tūnis Tunisia
75%
Türkiye(must be translated) Turkey
75%
Uganda Uganda
75%
Україна / Ukraina Ukraine
75%
الإمارات العربيّة المتّحدة, /al-ʾImārāt al-ʿArabiyya al-Muttaḥida United Arab Emirates
75%
Uruguay Uruguay
75%
Vanuatu Vanuatu
75%
Civitatis Vaticanae Vatican city
75%
Việt Nam Vietnam
75%
ٱلْيَمَنْ / al-Yaman Yemen
75%
Zimbabwe Zimbabwe
75%
Shqipëria Albania
63%
འབྲུག་ཡུལ། / Druk Yul Bhutan
63%
Ködörösêse tî Bêafrîka Central African Republic
63%
تشاد / Tshād Chad
63%
Chilisuyu(Indigenous) Chile
63%
Kolompia(Indigenous) Colombia
63%
Hrvatska Croatia
63%
Jabuuti Djibouti
63%
ኢትዮጵያ / Ītyōṗṗyā Ethiopia
63%
საქართველო / Sakartvelo Georgia
63%
Ελλάδα / Elláda Greece
63%
𞤘𞤭𞤲𞤫 𞤄𞤭𞤧𞤢𞥄𞤱𞤮 / Gine-Bisaawo(Indigenous) Guinea-Bissau
63%
Gaiyana(Creole) Guyana
63%
Magyarország Hungary
63%
Qazaqstan Kazakhstan
63%
Meejiko(Indigenous) Mexico
63%
မြန်မာ / Mranma Myanmar
63%
Aotearoa New Zealand
63%
Северна Македонија /Severna Makedonija North Macedonia
63%
Belau Palau
63%
இலங்கை / Ilaṅkai Sri Lanka
63%
Sverige Sweden
63%
Oʻzbekiston Uzbekistan
63%
الجزائر / al-Jazāʾir Algeria
50%
Ngola(Indigenous) Angola
50%
Հայաստան / Hayastan Armenia
50%
Kabu Verdi(National) Cabo Verde
50%
Komori Comoros
50%
مصر / Miṣr Egypt
50%
ኤርትራ / Iertra Eritrea
50%
Viti Fiji
50%
ߞߊߡߓߌߦߊ / Kambiya Gambia
50%
الأردن / al-Urdun Jordan
50%
Crna Gora Montenegro
50%
المغرب / al-Maghrib Morocco
50%
فلسطين / Filasṭīn Palestine
50%
Piruw Peru
50%
Pertual(Regional) Portugal
50%
Sent Lisi Saint Lucia
50%
ٱلسُّعُودِيَّة / as-Suʿūdiyya Saudi Arabia
50%
Benɛɛtò(Indigenous) Benin
38%
Ikwayur(Regional) Ecuador
38%
La Gwinad(Vernacular) Grenada
38%
Iximulew(Indigenous) Guatemala
38%
𞤘𞤭𞤲𞤫 / Gine(Indigenous) Guinea
38%
ދިވެހިރާއްޖެ / Dhivehi Raajje Maldives
38%
Moris Mauritius
38%
Mùnegu Monaco
38%
Naoero Nauru
38%
Sesel Seychelles
38%
新加坡 (Xīnjiāpō) Singapore
38%
Sranan(Lingua franca) Suriname
38%
Wenesuweera(Indigenous) Venezuela
38%
Wuliwya Bolivia
25%
Kūki 'Airani Cook Islands
25%
Kɔdiwari(Vernacular) Cote d'Ivoire
25%
Bro-C'hall(Regional) France
25%
Ellan Vannin Isle of Man
25%
Jèrri Jersey
25%
M̧ajeļ Marshall Islands
25%
Y Deyrnas Unedig(Regional) United Kingdom
25%
Mokuʻāina Hui Pū ʻia(Regional) United States
25%
Pindoráma(Indigenous) Brazil
13%
Salone(Creole) Sierra Leone
13%
Paguot Thudän South Sudan
13%
No matching quizzes found
Score Distribution
Percent of People with Each Score
Percentile by Number Answered
Your Score History
You have not taken this quiz